The tools of empire : Technology and European imperialism in the nineteenth century

সংরক্ষণ করুন:
গ্রন্থ-পঞ্জীর বিবরন
প্রধান লেখক: Headrick, Daniel R.
বিন্যাস: গ্রন্থ
ভাষা:Undetermined
প্রকাশিত: Oxford Oxford University Press 1981
বিষয়গুলি:
ট্যাগগুলো: ট্যাগ যুক্ত করুন
কোনো ট্যাগ নেই, প্রথমজন হিসাবে ট্যাগ করুন!
Thư viện lưu trữ: Trung tâm Học liệu Trường Đại học Cần Thơ
LEADER 00561nam a2200193Ia 4500
001 CTU_79026
008 210402s9999 xx 000 0 und d
082 |a 303.4 
082 |b H433 
100 |a Headrick, Daniel R. 
245 4 |a The tools of empire : 
245 0 |b Technology and European imperialism in the nineteenth century 
245 0 |c Daniel R. Headrick 
260 |a Oxford 
260 |b Oxford University Press 
260 |c 1981 
650 |a Imperialism,Technology 
650 |x History 
980 |a Trung tâm Học liệu Trường Đại học Cần Thơ